Predikčná schopnosť modelov diplomová práca

Enregistré dans:
Détails bibliographiques
Auteur principal: Ševček, Tomáš, 1997-
Collectivité auteur: Národohospodárska fakulta EU. Katedra hospodárskej politiky
Autres auteurs: Šuster, Martin
Format: Livre
Langue:slovaque
Publié: Bratislava 2021
Tags: Ajouter un tag
Pas de tags, Soyez le premier à ajouter un tag!

MARC

LEADER 00000nbm a2200000 4500
001 0274320
005 20220121090726.1
041 0 |a slo 
044 |a SK 
245 1 0 |a Predikčná schopnosť modelov  |b diplomová práca  |c Tomáš Ševček ; školiteľ: Martin Šuster 
264 1 |a Bratislava  |c 2021 
300 |a 64 s. 
100 1 |a Ševček, Tomáš, 1997- 
700 1 |a Šuster, Martin 
710 2 |a Národohospodárska fakulta EU. Katedra hospodárskej politiky